MARC

LEADER 00000nam a2200000Ii 4500
001 DIGUAOCCTE0005
003 NyNyDIG
008 171010s2016 ck a ob 000 0 spa d
006 m o d
007 cr |||||||||||
035 |a (OCoLC)1007497209 
040 |a DGITA  |b eng  |e rda  |e pn  |c DGITA 
020 |a 9789588994055  |q (eBook ;  |q pdf) 
020 |a 9588994055  |q (eBook ;  |q pdf) 
020 |z 9789588713908 
020 |z 9588713900 
050 1 4 |a R856.5 ebook 
082 0 4 |a 610.284 
245 0 0 |a Manual de gestión de mantenimiento del equipo biomédico /  |c autores, Ernesto Benigno Rodríguez Denis, Fabiola Margoth Obando Reina, María Caridad Sánchez Villar, Paulo César Calvo Echeverry, Adolfo Escobar Ordoñez, Stephanie Ordoñez Medina, Julián David Villa Jaramillo. 
264 1 |a Santiago de Cali :  |b Universidad Autónoma de Occidente, Facultad de Ingeniería, Grupo de investigación en Ingeniería Biomédica, GBIO,  |c 2016. 
300 |a 1 online resource :  |b illustrations. 
336 |a text  |b txt  |2 rdacontent 
337 |a computer  |b c  |2 rdamedia 
338 |a online resource  |b cr  |2 rdacarrier 
504 |a Includes bibliographical references. 
588 0 |a Online resource; title from PDF title page (Digitalia, viewed October 10, 2017) 
650 0 |a Biomedical engineering  |x Equipment and supplies. 
655 0 |a Electronic books. 
700 1 |a Rodríguez Denis, Ernesto Benigno,  |e author. 
700 1 |a Obando Reina, Fabiola Margoth,  |e author. 
700 1 |a Sánchez Villar, María Caridad,  |e author. 
700 1 |a Calvo Echeverry, Paulo César,  |e author. 
700 1 |a Escobar Ordoñez, Adolfo,  |e author. 
700 1 |a Ordoñez Medina, Stephanie,  |e author. 
700 1 |a Villa Jaramillo, Julián David,  |e author. 
791 2 |a Digitalia (Firm),  |e distributor. 
793 0 |g Digitalia eBook Collection:  |a Universidad Autónoma de Occidente 
776 0 8 |i Print version:  |t Manual de gestión de mantenimiento del equipo biomédico.  |b Primera edición.  |d Santiago de Cali : Universidad Autónoma de Occidente, 2016  |z 9789588713908 
856 4 0 |3 Digitalia Hispánica  |u https://www.digitaliapublishing.com/a/47632/ 
910 |a Premium collection: 2017